000 00493nam a2200205Ia 4500
008 240510s9999 xx 000 0 und d
020 _a0008120323718
041 _aEng
082 _a005.117
082 _bD23
100 _aDeitel,H.M & Deitel,P.J
245 0 _aJAVA How to Program :( With CD)
250 _a5th ed.
260 _bNew Delhi : Prentice Hall
260 _c2003
300 _a1447 p.
650 _aJava : Object Oriented Programming
942 _2ddc
942 _cRBK
999 _c27346
_d27346
945 _a1
_bMadushi Gamage
_c1
_dMadushi Gamage